A career in india's armed forces : (Record no. 125674)

MARC details
000 -LEADER
fixed length control field 00751nam a22002417a 4500
003 - CONTROL NUMBER IDENTIFIER
control field dpl
005 - DATE AND TIME OF LATEST TRANSACTION
control field 20180530165636.0
008 - FIXED-LENGTH DATA ELEMENTS--GENERAL INFORMATION
fixed length control field 180530b xxu||||| |||| 00| 0 eng d
010 ## - LIBRARY OF CONGRESS CONTROL NUMBER
LC control number B-019676
020 ## - INTERNATIONAL STANDARD BOOK NUMBER
Terms of availability 200.00
International Standard Book Number 818710046
035 ## - SYSTEM CONTROL NUMBER
System control number B-019676, B-019680
037 ## - SOURCE OF ACQUISITION
Source of stock number/acquisition Cen Lib/Ret
040 ## - CATALOGING SOURCE
Original cataloging agency DPL
Language of cataloging EN
Transcribing agency 0
082 ## - DEWEY DECIMAL CLASSIFICATION NUMBER
Classification number 355.00954
Item number MAH
100 ## - MAIN ENTRY--PERSONAL NAME
Personal name Mahajan, R.N.
9 (RLIN) 15129
245 ## - TITLE STATEMENT
Title A career in india's armed forces :
Statement of responsibility, etc by R.N. Mahajan
Remainder of title how to make it more attractive /
260 ## - PUBLICATION, DISTRIBUTION, ETC. (IMPRINT)
Place of publication, distribution, etc New Delhi
Name of publisher, distributor, etc Ocean Books
Date of publication, distribution, etc 2000
270 ## - ADDRESS
City New Delhi
Address 4/19, asaf ali road
Postal code 110002
300 ## - PHYSICAL DESCRIPTION
Extent 143p.
Dimensions 20cm(Hb)
650 ## - SUBJECT ADDED ENTRY--TOPICAL TERM
Topical term or geographic name as entry element Indian army
9 (RLIN) 15130
650 ## - SUBJECT ADDED ENTRY--TOPICAL TERM
Topical term or geographic name as entry element Career opportunity
9 (RLIN) 15131
942 ## - ADDED ENTRY ELEMENTS (KOHA)
Source of classification or shelving scheme Dewey Decimal Classification
Koha item type English Books
Classification part 355.00954
Call number suffix MAH
Holdings
Withdrawn status Lost status Damaged status Not for loan Home library Current library Date acquired Source of acquisition Cost, normal purchase price Total Checkouts Full call number Barcode Date last seen Copy number Cost, replacement price Price effective from Koha item type Source of classification or shelving scheme Collection code
        Central Library Central Library 22/06/2015 Cen Lib/Ret 200.00   355.00954 MAH B-019676 22/06/2015 1 200.00 22/06/2015 English Books    
Binding       Shahdara Branch Shahdara Branch 30/05/2018 BPPD/PUB 200.00   355.00954 MAH B-019680 30/05/2018   200.00 30/05/2018 English Books Dewey Decimal Classification Non-fiction

© Delhi Public Library
Hit Counter
free hit counter